| 000 | 00624nam a2200145Ia 4500 | ||
|---|---|---|---|
| 008 | 260210s9999 xx 000 0 und d | ||
| 024 | _a01B-05-BCS3Y, 01B-09-BCS3Y, 01B-24-BCS3Y & 01B-26-BCS3Y | ||
| 082 | _a005.072 FUR | ||
| 100 | _aFurqan Tariq Babar, Humayun Sami, Talha Ahmed & Mohammad Farhan | ||
| 245 | 0 | _aProduction and Shipment Management System Over Centralized Database | |
| 260 |
_aKarachi: _bUITU, _c2001 |
||
| 600 | _aComputer Science | ||
| 650 | _aBachelor of Computer Science (BS) | ||
| 856 |
_uhttps://drive.google.com/file/d/1WHvkuDr-BVh04QreDjSb8cCy1yOj4Ge7/view?usp=sharing _yClick here for PDF |
||
| 999 |
_c32425 _d32425 |
||